000 00895nam a2200265Ia 4500
003 GCL
008 140319s9999 xx 000 0 ara d
040 _aGCL /
_cGCL
082 0 4 _aق
_b962.16
_bج م
100 1 _aجمال الغيطانى
245 1 0 _aملامح القاهرة فى الف سنة /
_cجمال الغيطانى
260 _aالقاهرة :
_bنهضة مصر للطباعة والنشر والتوزيع ،
_c1997
300 _a277 ص ؛
_c18 سم
650 0 4 _aالتاريخ
650 0 4 _aالاسواق
650 0 4 _aالاثار الاسلامية
650 0 4 _aاحياء وضواحى
650 0 4 _aالفن المصرى القديم
650 0 4 _aالمبانى التاريخية
650 0 4 _aالقاهرة
650 0 4 _aمساجد القاهرة
650 0 4 _aالقاهرة - تاريخ
650 0 4 _aمقاهى القاهرة
942 _2ddc
_cBK
999 _c49873
_d49873